000 00727nas a2200265 4500
001 BR2012008827
003 BR-BrBNA
005 20231205121458.0
007 ta
008 230509b bl.|||p| |||| 00| 00por d
040 _aBR-BrBNA
_bpor
_cBiblioteca Nacional de Agricultura
041 _a(Pt)
072 _aP36
100 1 _aDechen, S.C.F.
100 1 _aProchnow, D.
245 1 _aErosão e produtividade
650 _aEROSÃO DO SOLO
650 _aPRODUTIVIDADE
650 _aPERDA DA PRODUÇÃO
650 _aCHUVA
650 _aPLANTIO DIRETO
773 0 _tO Agronômico (Brazil)
_xISSN 0365-2726
_g(2003), v. 55(1) p. 22-24
_wBR2012008827
909 _a202311
_bLúcia
_c55
_dLúcia Elande
942 _2AGRIS
_n0
_cANA
999 _c223765
_d223765